000 00413nam a2200169Ia 4500
005 20250603144815.0
008 250603s9999 xx 000 0 und d
020 _a0- 13- 213034-3
050 _aTK 7868 .D5T62/
100 _aTocci, Ronald J.
245 0 _aDigital systems: principles and applications
250 _a4th ed.
260 _bPrentice- Hall
260 _c1988
300 _a804 p
942 _cBK
999 _c40010
_d40010